Siyasi Kuvvet Karsisinda idare (Record no. 370711)

000 -LEADER
fixed length control field 00535cam a22001457a 4500
008 - FIXED-LENGTH DATA ELEMENTS--GENERAL INFORMATION
fixed length control field 180718b1961 xxu||||| |||| 00| 0 eng d
082 ## - DEWEY DECIMAL CLASSIFICATION NUMBER
Classification number B3x561 In7
100 ## - MAIN ENTRY--PERSONAL NAME
Personal name Watters, David M.
245 ## - TITLE STATEMENT
Title Siyasi Kuvvet Karsisinda idare
Statement of responsibility, etc. by David M. Watters and Dutheillet de Lamothe
260 ## - PUBLICATION, DISTRIBUTION, ETC.
Place of publication, distribution, etc. Ankara
Name of publisher, distributor, etc. Institute of Public Administration for Turkey and the Middle East
Date of publication, distribution, etc. 1961
300 ## - PHYSICAL DESCRIPTION
Extent 13 pts in 1
500 ## - GENERAL NOTE
General note (Part of the pamphlets bound to gather)
650 ## - SUBJECT ADDED ENTRY--TOPICAL TERM
Topical term or geographic name entry element Public Administration - Administration
700 ## - ADDED ENTRY--PERSONAL NAME
Personal name Lamothe, Dutheillet
Holdings
Withdrawn status Lost status Damaged status Not for loan Permanent Location Current Location Date acquired Full call number Barcode Date last seen Price effective from Koha item type
        Indian Institute of Public Administration Indian Institute of Public Administration 1994-06-07 B3x561 In7 CB553 2018-07-21 2018-07-21 CB

Powered by Koha